| 000 | 00906cab a2200253 4500 | ||
|---|---|---|---|
| 001 | ABS47305 | ||
| 008 | 090401t1992 xxu||||| |||| 00| 0 eng d | ||
| 035 | _a(Sirsi) u61528 | ||
| 041 | _aeng | ||
| 100 | _aRowan-Robinson, J. | ||
| 245 | _aConditions or agreements | ||
| 260 | _c1992 | ||
| 350 | _a0 | ||
| 490 |
_aJournal of Planning and Environment Law _vNovember 1992, 1003-1011(5) |
||
| 520 | _aConsiders the use of planning agreements in Scotland and the perceived problems of imposing conditions on planning permissions and shortcomings in the enforcement regime under Town and Country Planning (Scotland) Act 1972 Part V. | ||
| 650 | _aCASE LAW | ||
| 650 | _aPLANNING AGREEMENTS | ||
| 650 | _aPLANNING CONDITIONS | ||
| 650 | _aTOWN AND COUNTRY PLANNING (SCOTLAND) ACT 1972 PART V | ||
| 690 | _aPLANNING LAW AND PRACTICE | ||
| 700 | _aDurman, R. | ||
| 942 | _n0 | ||
| 948 | _c04/03/1997 | ||
| 999 |
_c38139 _d38139 |
||